000 005750000a22001810004500
003 MACL
005 20160401161722.0
008 160401b xxu||||| |||| 00| 0 eng d
040 _aMACL
_cMACL
041 _aHindi
082 _a328
100 _aनीरज श्रीवास्‍तव
_949778
245 _aसंसदीय सर्वोच्‍यता और मूल अधिकार
260 _bशिपरा पब्लिकेशन्‍स
_c1997
_aदिल्‍ली
350 _a300
650 _aLaw
_949779
942 _cHIN
_k340
_2ddc
999 _c12584
_d12584